[Event "Bad Wörishofen op 2012 28th"]
[Site "Bad Wörishofen (2.3.-10.3)"]
[Date "2012.03.07"]
[Round "6.33"]
[White "Leiber, Bernard"]
[Black "Blaeser, Romain"]
[Result "1-0"]
[WhiteElo "2119"]
[BlackElo "1869"]
[PlyCount "90"]
[EventDate "2012.03.??"]
[EventType "swiss"]
[EventRounds "9"]
[EventCountry "GER"]
[SourceDate "2013.02.18"]
[WhiteTeam "Osnabrück SV"]
[BlackTeam "LUX/Luxemburg"]
[BlackTeamCountry "LUX"]

1. Nf3 g6 2. g3 Bg7 3. Bg2 c5 4. c4 Nc6 5. Nc3 Nf6 6. O-O O-O 7. d4 cxd4 8.
Nxd4 Nxd4 9. Qxd4 d6 10. Qh4 Rb8 11. Bh6 Bd7 12. Bxg7 Kxg7 13. Rfd1 a6 14. b4
h6 15. Qd4 Kh7 16. e4 Qc8 17. Rac1 Bh3 18. Nd5 Ng8 19. c5 e5 20. Qb2 Bxg2 21.
Kxg2 dxc5 22. Qxe5 b6 23. bxc5 bxc5 24. Rxc5 Qe8 25. Qd4 Qe6 26. Rdc1 Rbc8 27.
Rxc8 Rxc8 28. Nf4 Qe8 29. Rb1 Rd8 30. Nd5 Rb8 31. Nc7 Rd8 32. Nd5 Rb8 33. Rd1
Qc6 34. Rd3 Rb1 35. Rf3 Rb7 36. a3 Rd7 37. Qe5 f5 38. Qe8 Qb7 39. Rb3 Qxb3 40.
Qxd7+ Kh8 41. exf5 gxf5 42. Qd6 Qd3 43. Qe5+ Kh7 44. Nc3 Kg6 45. Qd5 Qc2 1-0

[Event "Bad Wörishofen op 2012 28th"]
[Site "Bad Wörishofen (2.3.-10.3)"]
[Date "2012.03.07"]
[Round "6.34"]
[White "Roth, Martin(66)"]
[Black "Valet, Richard"]
[Result "1/2-1/2"]
[WhiteElo "2070"]
[BlackElo "1938"]
[PlyCount "84"]
[EventDate "2012.03.??"]
[EventType "swiss"]
[EventRounds "9"]
[EventCountry "GER"]
[SourceDate "2013.02.18"]
[WhiteTeam "Laupheim SC"]
[BlackTeam "Greifswalder SV"]

1. d4 Nf6 2. c4 g6 3. Nc3 Bg7 4. e4 d6 5. Nf3 O-O 6. h3 c6 7. Be2 Nbd7 8. Be3
e5 9. dxe5 dxe5 10. O-O Qe7 11. Qc2 Re8 12. a3 Nf8 13. b4 N6d7 14. Rfd1 a5 15.
Rab1 axb4 16. axb4 Ne6 17. c5 Nf4 18. Bf1 Nf8 19. Kh2 f5 20. g3 fxe4 21. Nxe4
Bf5 22. Qb3+ N8e6 23. Nfd2 Nd5 24. Ra1 Kh8 25. Bg2 Nd4 26. Qb2 Nxe3 27. fxe3
Bxe4 28. Bxe4 Nf5 29. Rxa8 Rxa8 30. Nc4 Qe6 31. Bxf5 gxf5 32. Nd6 f4 33. Qe2
fxg3+ 34. Kxg3 e4 35. Nc4 Rg8 36. Kh2 h6 37. Rf1 Be5+ 38. Nxe5 Qxe5+ 39. Rf4
Rf8 40. Qf2 Kh7 41. Kg2 Qg7+ 42. Kh2 Qe5 1/2-1/2

[Event "Bad Wörishofen op 2012 28th"]
[Site "Bad Wörishofen (2.3.-10.3)"]
[Date "2012.03.07"]
[Round "6.35"]
[White "Marian, Hartmut"]
[Black "Daeubler, Heinrich"]
[Result "1/2-1/2"]
[WhiteElo "1966"]
[BlackElo "2049"]
[PlyCount "45"]
[EventDate "2012.03.??"]
[EventType "swiss"]
[EventRounds "9"]
[EventCountry "GER"]
[SourceDate "2013.02.18"]
[WhiteTeam "Germering SK"]
[BlackTeam "Amberg Siemens SG"]

1. d4 Nf6 2. Nf3 d6 3. Bf4 Nh5 4. Bd2 Bg4 5. c4 Bxf3 6. exf3 g6 7. Bc3 Bg7 8.
Qb3 Qc8 9. d5 e5 10. Nd2 Nd7 11. g3 O-O 12. Qc2 a5 13. Bh3 f5 14. O-O Qd8 15.
b3 Qg5 16. Kh1 Qh6 17. Bg2 b6 18. a3 Bf6 19. b4 axb4 20. axb4 Bg5 21. Rfd1 Rfe8
22. Kg1 Qf8 23. Ra4 1/2-1/2

[Event "Bad Wörishofen op 2012 28th"]
[Site "Bad Wörishofen (2.3.-10.3)"]
[Date "2012.03.07"]
[Round "6.36"]
[White "Fehr, Axel Dr"]
[Black "Straub, Hermann"]
[Result "1/2-1/2"]
[WhiteElo "2132"]
[BlackElo "1916"]
[PlyCount "77"]
[EventDate "2012.03.??"]
[EventType "swiss"]
[EventRounds "9"]
[EventCountry "GER"]
[SourceDate "2013.02.18"]
[WhiteTeam "SUI/Chur SC(Brackweder SK)"]
[BlackTeam "Frankenthal(Pfalz) SK"]
[WhiteTeamCountry "SUI"]

1. c4 b6 2. d4 Bb7 3. Nc3 e6 4. a3 f5 5. Nf3 Nf6 6. g3 Be7 7. Bg2 Ne4 8. Bd2
O-O 9. O-O Nxc3 10. Bxc3 Be4 11. d5 Bf6 12. Rc1 Bxc3 13. Rxc3 Qf6 14. Qd2 e5
15. b4 d6 16. Ng5 Bxg2 17. Kxg2 Nd7 18. Ne6 Rfc8 19. Rfc1 Nf8 20. Ng5 h6 21.
Nf3 Nd7 22. Ne1 a5 23. Qb2 Ra7 24. R3c2 Rca8 25. Nd3 axb4 26. axb4 Qf7 27. f3
Ra3 28. c5 bxc5 29. bxc5 Qxd5 30. Nb4 Qe6 31. cxd6 Rb3 32. dxc7 Rxb2 33. Rxb2
Rc8 34. Rc6 Qe8 35. Na6 e4 36. Rd6 exf3+ 37. exf3 Nf8 38. Rb8 Qe2+ 39. Kg1
1/2-1/2

[Event "Bad Wörishofen op 2012 28th"]
[Site "Bad Wörishofen (2.3.-10.3)"]
[Date "2012.03.07"]
[Round "6.37"]
[White "Lodes, Hermann"]
[Black "Margraf, Christoph"]
[Result "1-0"]
[WhiteElo "2060"]
[BlackElo "1808"]
[PlyCount "73"]
[EventDate "2012.03.??"]
[EventType "swiss"]
[EventRounds "9"]
[EventCountry "GER"]
[SourceDate "2013.02.18"]
[WhiteTeam "GER/Burgsinn SF"]
[BlackTeam "Ansbach SC"]
[WhiteTeamCountry "GER"]

1. d4 d5 2. Bf4 Nf6 3. e3 c5 4. Nc3 a6 5. dxc5 e6 6. Na4 Nbd7 7. b4 a5 8. a3
axb4 9. axb4 Be7 10. Bb5 O-O 11. Ne2 Ne4 12. Bxd7 Bxd7 13. Nb6 Rxa1 14. Qxa1
Bb5 15. Be5 f6 16. Bb2 Qe8 17. Nd4 Bc6 18. Nxe6 Qg6 19. O-O Nd2 20. Bd4 Nxf1
21. Nxf8 Bxf8 22. Qxf1 Qxc2 23. h3 Qb3 24. Qe1 Be7 25. Qc3 Qd1+ 26. Kh2 Bd8 27.
Nc8 Bc7+ 28. f4 g5 29. Nd6 gxf4 30. exf4 Qe2 31. Qg3+ Kf8 32. Bxf6 Bxd6 33.
Qg7+ Ke8 34. cxd6 d4 35. Bxd4 Qe4 36. Bc5 Bd5 37. Qe7+ 1-0

[Event "Bad Wörishofen op 2012 28th"]
[Site "Bad Wörishofen (2.3.-10.3)"]
[Date "2012.03.07"]
[Round "6.40"]
[White "Roemhild, Marcus"]
[Black "Sonnhalter, Stella"]
[Result "1-0"]
[WhiteElo "2048"]
[BlackElo "1889"]
[PlyCount "47"]
[EventDate "2012.03.??"]
[EventType "swiss"]
[EventRounds "9"]
[EventCountry "GER"]
[SourceDate "2013.02.18"]
[WhiteTeam "Lippstadt Turm LSV"]
[BlackTeam "Heusweiler Reti SC"]

1. c4 Nf6 2. g3 d5 3. cxd5 Nxd5 4. Bg2 c5 5. Nc3 Nc7 6. Qa4+ Bd7 7. Qb3 Nc6 8.
Qxb7 Rb8 9. Qxc6 Ne6 10. Qe4 g6 11. Nf3 Bg7 12. O-O O-O 13. Qh4 Nd4 14. Nxd4
cxd4 15. Ne4 d3 16. exd3 Bb5 17. Re1 Bxd3 18. Nc5 Bf6 19. Qf4 Bf5 20. Ne4 Bg7
21. d3 Qxd3 22. Qe3 Qd7 23. Qe2 Qa4 24. b3 1-0

[Event "Bad Wörishofen op 2012 28th"]
[Site "Bad Wörishofen (2.3.-10.3)"]
[Date "2012.03.07"]
[Round "6.42"]
[White "Mircoli, Filippo"]
[Black "Rennenkampff, Juergen"]
[Result "0-1"]
[WhiteElo "1491"]
[BlackElo "1678"]
[PlyCount "66"]
[EventDate "2012.03.??"]
[EventType "swiss"]
[EventRounds "9"]
[EventCountry "GER"]
[SourceDate "2013.02.18"]
[WhiteTeam "ITA/Italien"]
[BlackTeam "Trudering SC"]
[WhiteTeamCountry "ITA"]

1. e4 e5 2. f4 exf4 3. Nf3 Be7 4. Bc4 Nc6 5. O-O d6 6. d4 Na5 7. Bd3 g5 8. h3
h5 9. c4 Nc6 10. Nc3 Bd7 11. d5 Ne5 12. Be2 g4 13. Nd4 f3 14. gxf3 gxf3 15.
Bxf3 Bxh3 16. Nf5 Bxf5 17. exf5 Nf6 18. Bf4 Nxf3+ 19. Rxf3 Qd7 20. Qe2 O-O-O
21. Kf2 Ng4+ 22. Kg2 Rhg8 23. Kf1 Rde8 24. Qc2 Bg5 25. Bxg5 Rxg5 26. Re1 Rxe1+
27. Kxe1 Qe7+ 28. Qe2 Qxe2+ 29. Kxe2 Ne5 30. Rf4 Rg4 31. Rxg4 Nxg4 32. Kf3 Ne5+
33. Kf4 Nxc4 0-1

[Event "Bad Wörishofen op 2012 28th"]
[Site "Bad Wörishofen (2.3.-10.3)"]
[Date "2012.03.07"]
[Round "6.43"]
[White "Remensberger, Hansuli"]
[Black "Schiffer, Steve"]
[Result "1/2-1/2"]
[WhiteElo "2018"]
[BlackElo "1990"]
[PlyCount "90"]
[EventDate "2012.03.??"]
[EventType "swiss"]
[EventRounds "9"]
[EventCountry "GER"]
[SourceDate "2013.02.18"]
[WhiteTeam "SUI/Schweiz"]
[BlackTeam "Darmstadt Schachforum SV"]
[WhiteTeamCountry "SUI"]

1. d4 Nf6 2. Bg5 c5 3. Bxf6 gxf6 4. d5 d6 5. g3 Qb6 6. Qc1 h5 7. Nf3 Bh6 8. e3
Bf5 9. Nbd2 Nd7 10. Bg2 Ne5 11. O-O Ng6 12. h4 Qc7 13. a4 Qd7 14. Kh2 Ne5 15.
Nxe5 fxe5 16. Qd1 Bg4 17. f3 Bf5 18. e4 Bg6 19. Bh3 Qc7 20. Nc4 Rf8 21. Qd3 Bh7
22. a5 f5 23. Qe2 O-O-O 24. a6 b6 25. b4 Kb8 26. bxc5 Qxc5 27. Nb2 Rc8 28. c4
Rc7 29. exf5 Bxf5 30. Bxf5 Rxf5 31. Qe4 Rf6 32. Rab1 Qe3 33. Qxe3 Bxe3 34. Nd3
Rxc4 35. Nb4 Rf7 36. Rb3 Bc5 37. Nc6+ Ka8 38. Nd8 Rf6 39. Ne6 Rc2+ 40. Kh3 Ra2
41. Rbb1 Kb8 42. g4 hxg4+ 43. fxg4 Ra3+ 44. Kg2 Ra2+ 45. Kh3 Ra3+ 1/2-1/2

[Event "Bad Wörishofen op 2012 28th"]
[Site "Bad Wörishofen (2.3.-10.3)"]
[Date "2012.03.07"]
[Round "6.44"]
[White "Haugg, Gerhard(63)"]
[Black "Schweizer, Manfred(59)"]
[Result "1-0"]
[WhiteElo "1812"]
[BlackElo "2004"]
[PlyCount "47"]
[EventDate "2012.03.??"]
[EventType "swiss"]
[EventRounds "9"]
[EventCountry "GER"]
[SourceDate "2013.02.18"]
[WhiteTeam "Kötz/Ichenhausen Spgem"]
[BlackTeam "Memmingen Post SV"]

1. d4 Nf6 2. Nf3 g6 3. c4 Bg7 4. Nc3 d6 5. e4 O-O 6. Be2 e5 7. dxe5 dxe5 8.
Qxd8 Rxd8 9. Bg5 Re8 10. O-O-O Nbd7 11. Nb5 Rf8 12. Nxc7 Rb8 13. Nd2 Nc5 14. f3
Be6 15. Nd5 Bxd5 16. cxd5 b5 17. Kb1 Nfd7 18. Rc1 f6 19. Be3 Rfc8 20. Rc2 Bf8
21. Rhc1 Rd8 22. Bxc5 Nxc5 23. Rxc5 Bxc5 24. Rxc5 1-0

[Event "Bad Wörishofen op 2012 28th"]
[Site "Bad Wörishofen (2.3.-10.3)"]
[Date "2012.03.07"]
[Round "6.46"]
[White "Mack, Thomas Dr(43)"]
[Black "Klaus, Daniel(64)"]
[Result "1/2-1/2"]
[WhiteElo "1906"]
[BlackElo "1894"]
[PlyCount "43"]
[EventDate "2012.03.??"]
[EventType "swiss"]
[EventRounds "9"]
[EventCountry "GER"]
[SourceDate "2013.02.18"]
[WhiteTeam "München Tarrasch SC"]
[BlackTeam "Möglingen SF"]

1. e4 c5 2. Nf3 e6 3. d4 cxd4 4. Nxd4 a6 5. Nc3 Qc7 6. g3 Nf6 7. Bg2 Be7 8. O-O
O-O 9. a4 Nc6 10. Nb3 d6 11. f4 Rb8 12. a5 b6 13. axb6 Qxb6+ 14. Kh1 Bb7 15. g4
Nb4 16. g5 Nd7 17. Na5 Ba8 18. Rf3 Rfe8 19. Be3 Qc7 20. Rh3 Nf8 21. Qe2 d5 22.
e5 1/2-1/2

[Event "Bad Wörishofen op 2012 28th"]
[Site "Bad Wörishofen (2.3.-10.3)"]
[Date "2012.03.07"]
[Round "6.48"]
[White "Kuempers, Ulrich"]
[Black "Sibler, Sebastian"]
[Result "0-1"]
[WhiteElo "1946"]
[BlackElo "1895"]
[PlyCount "42"]
[EventDate "2012.03.??"]
[EventType "swiss"]
[EventRounds "9"]
[EventCountry "GER"]
[SourceDate "2013.02.18"]
[WhiteTeam "München Tarrasch SC"]
[BlackTeam "Mülheim-Nord SV"]

1. d4 Nf6 2. c4 g6 3. Nc3 d5 4. Bf4 Bg7 5. e3 O-O 6. Qb3 c5 7. cxd5 cxd4 8.
exd4 e6 9. Bc4 exd5 10. Nxd5 Nc6 11. Nf3 Na5 12. Nxf6+ Qxf6 13. Be5 Nxb3 14.
Bxf6 Nxa1 15. Bxg7 Kxg7 16. Kd2 Be6 17. Bxe6 fxe6 18. Rxa1 Rac8 19. Re1 Rc6 20.
Re2 Ra6 21. b3 Rxa2+ 0-1

[Event "Bad Wörishofen op 2012 28th"]
[Site "Bad Wörishofen (2.3.-10.3)"]
[Date "2012.03.07"]
[Round "6.49"]
[White "Baeuml, Ulrich"]
[Black "Wieczorek(vm.Bruder), Heinz"]
[Result "1-0"]
[WhiteElo "2044"]
[BlackElo "1702"]
[PlyCount "65"]
[EventDate "2012.03.??"]
[EventType "swiss"]
[EventRounds "9"]
[EventCountry "GER"]
[SourceDate "2013.02.18"]
[WhiteTeam "Dillingen SC"]
[BlackTeam "Nürnberg Süd SW"]

1. g3 e5 2. c4 Nf6 3. Bg2 d5 4. cxd5 Nxd5 5. Nc3 Nb6 6. Nf3 Nc6 7. O-O Be7 8.
d3 O-O 9. Be3 f5 10. a3 Bf6 11. Rc1 Be6 12. Na4 Nxa4 13. Qxa4 Nd4 14. Nxd4 exd4
15. Bf4 c6 16. Qb4 Qd7 17. h4 a5 18. Qd2 a4 19. Rc5 Ra6 20. Ra5 Rfa8 21. Rxa6
Rxa6 22. Rc1 Kf7 23. Rc5 Qd8 24. Bh3 Be7 25. Bg5 Bxg5 26. hxg5 g6 27. Bg2 Qb6
28. Re5 c5 29. Qc1 Ra5 30. Qf4 Ra6 31. Bd5 Qxb2 32. Rxe6 Rxe6 33. Qc7+ 1-0

[Event "Bad Wörishofen op 2012 28th"]
[Site "Bad Wörishofen (2.3.-10.3)"]
[Date "2012.03.07"]
[Round "6.50"]
[White "Matzat, Andre"]
[Black "Sakowski, Christian"]
[Result "1/2-1/2"]
[WhiteElo "2024"]
[BlackElo "1864"]
[PlyCount "117"]
[EventDate "2012.03.??"]
[EventType "swiss"]
[EventRounds "9"]
[EventCountry "GER"]
[SourceDate "2013.02.18"]
[WhiteTeam "Borbeck Weiße Dame"]
[BlackTeam "Türkheim/Wörishofen SC"]

1. d4 Nf6 2. Bf4 e6 3. e3 b6 4. Nf3 Bb7 5. Nbd2 Be7 6. h3 d6 7. Bd3 Nbd7 8. O-O
O-O 9. c3 Re8 10. e4 c5 11. Qe2 Bf8 12. e5 dxe5 13. dxe5 Nd5 14. Bg3 h6 15.
Rfd1 Qc7 16. Ne4 Rad8 17. a3 Qc8 18. h4 Nb8 19. c4 Nc7 20. Nd6 Bxd6 21. exd6
Bxf3 22. Qxf3 Nca6 23. Bf4 e5 24. Qe4 f5 25. Qd5+ Qe6 26. Qxe6+ Rxe6 27. Bxf5
Rf6 28. Bxe5 Rxf5 29. Bh2 Nc6 30. g4 Rf7 31. Rd5 Nab8 32. f4 Nd7 33. g5 hxg5
34. hxg5 g6 35. Re1 Nd4 36. Re3 Nf5 37. Re6 Nf8 38. Ree5 Rfd7 39. b4 cxb4 40.
axb4 Rxd6 41. Rxd6 Rxd6 42. c5 bxc5 43. Rxc5 Ne6 44. Ra5 a6 45. Kg2 Ned4 46.
Bg1 Nb5 47. Bc5 Re6 48. Ra2 Kf7 49. Kf3 Ke8 50. Rd2 Nbd6 51. Ra2 Nb5 52. Rh2
Kd7 53. Rh8 Kc6 54. Rd8 Nbd6 55. Ra8 Kb5 56. Rb8+ Ka4 57. Rb6 Nb5 58. Rb8 Nfd4+
59. Kf2 1/2-1/2

[Event "Bad Wörishofen op 2012 28th"]
[Site "Bad Wörishofen (2.3.-10.3)"]
[Date "2012.03.07"]
[Round "6.51"]
[White "Reitz, Rolf"]
[Black "Walda, Michael"]
[Result "1-0"]
[WhiteElo "1957"]
[BlackElo "1831"]
[PlyCount "63"]
[EventDate "2012.03.??"]
[EventType "swiss"]
[EventRounds "9"]
[EventCountry "GER"]
[SourceDate "2013.02.18"]
[WhiteTeam "Sülz-Klettenberg SK"]
[BlackTeam "Niederräder TG"]

1. d4 Nf6 2. Nf3 e6 3. c4 d5 4. Nc3 c5 5. e3 Nc6 6. a3 b6 7. cxd5 exd5 8. Bb5
Qd6 9. O-O Bd7 10. dxc5 bxc5 11. Qa4 Be7 12. Rd1 O-O 13. Nxd5 Nxd5 14. e4 Nb6
15. Rxd6 Nxa4 16. Rxd7 Nb6 17. Rc7 Rad8 18. Bf4 Bf6 19. e5 Nd4 20. exf6 Nxb5
21. fxg7 Rfe8 22. Rxc5 Nd5 23. Bg5 f6 24. Bxf6 Nxf6 25. Rxb5 Re2 26. Kf1 Rc2
27. Rb4 Kxg7 28. Re1 a5 29. Rb7+ Kg6 30. h3 h5 31. g3 Rd6 32. Nh4+ 1-0

[Event "Bad Wörishofen op 2012 28th"]
[Site "Bad Wörishofen (2.3.-10.3)"]
[Date "2012.03.07"]
[Round "6.52"]
[White "Frei, Markus"]
[Black "Deues, Erik"]
[Result "1-0"]
[WhiteElo "1900"]
[BlackElo "1987"]
[PlyCount "61"]
[EventDate "2012.03.??"]
[EventType "swiss"]
[EventRounds "9"]
[EventCountry "GER"]
[SourceDate "2013.02.18"]
[WhiteTeam "Mörlenbach-Birkenau FB"]
[BlackTeam "Germering SK"]

1. e4 c5 2. Nf3 Nc6 3. d4 cxd4 4. Nxd4 Nf6 5. Nc3 e5 6. Ndb5 d6 7. Bg5 a6 8.
Na3 b5 9. Bxf6 gxf6 10. Nd5 f5 11. Bxb5 axb5 12. Nxb5 Rb8 13. Nbc7+ Kd7 14. Qh5
Ne7 15. Qxf7 Kc6 16. c4 Rb7 17. c5 Nxd5 18. exd5+ Kxc5 19. Rc1+ Kb6 20. Rc6+
Ka5 21. b4+ Rxb4 22. O-O Qg5 23. Ne6 Qe7 24. Qxf5 Bxe6 25. Qd3 Qb7 26. a3 Rb3
27. Qd2+ Ka4 28. Rc4+ Kb5 29. Rb4+ Rxb4 30. Qxb4+ Ka6 31. Qa4+ 1-0

[Event "Bad Wörishofen op 2012 28th"]
[Site "Bad Wörishofen (2.3.-10.3)"]
[Date "2012.03.07"]
[Round "6.53"]
[White "Moors, Marc"]
[Black "Fiedler, Wolfgang(61)"]
[Result "1/2-1/2"]
[WhiteElo "1879"]
[BlackElo "1892"]
[PlyCount "81"]
[EventDate "2012.03.??"]
[EventType "swiss"]
[EventRounds "9"]
[EventCountry "GER"]
[SourceDate "2013.02.18"]
[WhiteTeam "Brasschaat SK"]
[BlackTeam "Zirndorf SK"]

1. d4 g6 2. Nf3 Bg7 3. c4 d6 4. Nc3 Nc6 5. b3 Bg4 6. e3 e5 7. Be2 Nge7 8. dxe5
Bxf3 9. Bxf3 Nxe5 10. Bb2 Nxf3+ 11. Qxf3 Rb8 12. Rd1 Qc8 13. Rd2 O-O 14. O-O a6
15. Nd5 Nxd5 16. Bxg7 Kxg7 17. Qxd5 Qe6 18. Rfd1 Qxd5 19. Rxd5 b6 20. e4 Rfe8
21. f3 a5 22. a4 Re7 23. Kf2 Rbe8 24. R1d2 Re5 25. Rxe5 Rxe5 26. Rd5 Kf6 27.
Ke3 Ke6 28. f4 Rxd5 29. cxd5+ Kd7 30. Kd4 c6 31. g4 h6 32. dxc6+ Kxc6 33. Kc4
g5 34. f5 f6 35. b4 axb4 36. Kxb4 Kc7 37. Kb5 Kb7 38. h3 Kc7 39. Ka6 Kc6 40.
Ka7 Kc7 41. Ka6 1/2-1/2

[Event "Bad Wörishofen op 2012 28th"]
[Site "Bad Wörishofen (2.3.-10.3)"]
[Date "2012.03.07"]
[Round "6.54"]
[White "Kretschel, Klaus"]
[Black "Strasser, Josef"]
[Result "1/2-1/2"]
[WhiteElo "1956"]
[BlackElo "1813"]
[PlyCount "41"]
[EventDate "2012.03.??"]
[EventType "swiss"]
[EventRounds "9"]
[EventCountry "GER"]
[SourceDate "2013.02.18"]
[WhiteTeam "Germering SK"]
[BlackTeam "München SU"]

1. Nf3 d5 2. g3 c5 3. Bg2 Nf6 4. O-O Nc6 5. d4 cxd4 6. Nxd4 e6 7. c4 Qb6 8.
Nxc6 bxc6 9. Nc3 Be7 10. cxd5 cxd5 11. e4 O-O 12. exd5 exd5 13. Nxd5 Nxd5 14.
Qxd5 Be6 15. Qxa8 Rxa8 16. Bxa8 h5 17. Kg2 Qd8 18. Bf3 Qb6 19. b3 Bc5 20. Re1
Bd4 21. Be3 1/2-1/2

[Event "Bad Wörishofen op 2012 28th"]
[Site "Bad Wörishofen (2.3.-10.3)"]
[Date "2012.03.07"]
[Round "6.55"]
[White "Guggenberger, Guido"]
[Black "Wiesbeck, Florian"]
[Result "1-0"]
[WhiteElo "1950"]
[BlackElo "1615"]
[PlyCount "51"]
[EventDate "2012.03.??"]
[EventType "swiss"]
[EventRounds "9"]
[EventCountry "GER"]
[SourceDate "2013.02.18"]
[WhiteTeam "München Tarrasch SC"]
[BlackTeam "AUT/Österreich"]
[BlackTeamCountry "AUT"]

1. d4 d5 2. c4 c6 3. Nf3 Nf6 4. e3 e6 5. b3 Nbd7 6. Bb2 Bd6 7. Nbd2 b6 8. Bd3
O-O 9. Ne5 Bb7 10. O-O Re8 11. f4 c5 12. Rc1 cxd4 13. exd4 Qe7 14. cxd5 exd5
15. Qf3 Rac8 16. Rxc8 Rxc8 17. g4 Nf8 18. g5 N6d7 19. Qh3 Rc7 20. Ndf3 Bc8 21.
Qg2 Bb7 22. Rc1 Qd8 23. Nh4 f6 24. gxf6 Nxf6 25. Nf5 Bb4 26. Nh6+ 1-0

[Event "Bad Wörishofen op 2012 28th"]
[Site "Bad Wörishofen (2.3.-10.3)"]
[Date "2012.03.07"]
[Round "6.56"]
[White "Ditmas, Hugh"]
[Black "Diotallevi, Maurizio"]
[Result "0-1"]
[WhiteElo "1883"]
[BlackElo "1999"]
[PlyCount "40"]
[EventDate "2012.03.??"]
[EventType "swiss"]
[EventRounds "9"]
[EventCountry "GER"]
[SourceDate "2013.02.18"]
[WhiteTeam "Bremer 1877 SG"]
[BlackTeam "ITA/Italien"]
[BlackTeamCountry "ITA"]

1. d4 d5 2. c4 e6 3. Nf3 Nf6 4. Nc3 Be7 5. Bg5 h6 6. Bh4 O-O 7. e3 Ne4 8. Bxe7
Qxe7 9. Rc1 Nxc3 10. Rxc3 c6 11. Be2 dxc4 12. Bxc4 Nd7 13. O-O e5 14. Bb3 exd4
15. exd4 Rd8 16. Re1 Qd6 17. d5 cxd5 18. Rd3 Nf6 19. Bxd5 Be6 20. Re5 Bxd5 0-1

[Event "Bad Wörishofen op 2012 28th"]
[Site "Bad Wörishofen (2.3.-10.3)"]
[Date "2012.03.07"]
[Round "6.57"]
[White "Goris, Ton"]
[Black "Schreib, Marc"]
[Result "1-0"]
[WhiteElo "1943"]
[BlackElo "1741"]
[PlyCount "71"]
[EventDate "2012.03.??"]
[EventType "swiss"]
[EventRounds "9"]
[EventCountry "GER"]
[SourceDate "2013.02.18"]
[WhiteTeam "NED/Niederlande"]
[BlackTeam "Deisenhofen SF"]
[WhiteTeamCountry "NED"]

1. e4 c6 2. d4 d5 3. e5 c5 4. dxc5 e6 5. Be3 Nh6 6. Nf3 Nf5 7. Qd2 Nxe3 8. Qxe3
Qa5+ 9. Qc3 Qxc3+ 10. Nxc3 Bxc5 11. Nb5 Na6 12. Bd3 h6 13. c3 Kd8 14. Nfd4 Nc7
15. f4 Nxb5 16. Bxb5 a6 17. Bd3 Bxd4 18. cxd4 Bd7 19. O-O g6 20. Rac1 Rc8 21.
Rxc8+ Kxc8 22. Rc1+ Kb8 23. b4 Rc8 24. Rc5 Rxc5 25. bxc5 Kc7 26. Kf2 Ba4 27.
Be2 Be8 28. h4 h5 29. g4 hxg4 30. Bxg4 Bd7 31. h5 gxh5 32. Bxh5 Be8 33. f5 Kd7
34. f6 Kc6 35. a4 a5 36. Be2 1-0

[Event "Bad Wörishofen op 2012 28th"]
[Site "Bad Wörishofen (2.3.-10.3)"]
[Date "2012.03.07"]
[Round "6.59"]
[White "Koelbl, Jonathan"]
[Black "Hipp, Hermann"]
[Result "0-1"]
[WhiteElo "1848"]
[BlackElo "1843"]
[PlyCount "62"]
[EventDate "2012.03.??"]
[EventType "swiss"]
[EventRounds "9"]
[EventCountry "GER"]
[SourceDate "2013.02.18"]
[WhiteTeam "Klosterlechfeld SK"]
[BlackTeam "Marktoberdorf SK"]

1. e4 c6 2. Nc3 d5 3. Nf3 dxe4 4. Nxe4 Bf5 5. Ng3 Bg6 6. h4 h6 7. Ne5 Bh7 8.
Qh5 g6 9. Bc4 e6 10. Qe2 Qe7 11. d4 Nf6 12. Bd2 Bg7 13. O-O-O Nbd7 14. Bb3 a5
15. a3 O-O 16. Rhe1 Nxe5 17. dxe5 Nd7 18. f4 Nc5 19. Ba2 Qxh4 20. Qf2 Rfd8 21.
Be3 Bf8 22. Rxd8 Rxd8 23. Rh1 Qe7 24. Ne2 Nd7 25. g4 Bg7 26. g5 hxg5 27. Qh2
Nf8 28. Rg1 gxf4 29. Bxf4 Qc5 30. Bg5 Rd7 31. Bf6 g5 0-1

[Event "Bad Wörishofen op 2012 28th"]
[Site "Bad Wörishofen (2.3.-10.3)"]
[Date "2012.03.07"]
[Round "6.60"]
[White "Wiessner, Johann"]
[Black "Kerber, Alfred"]
[Result "0-1"]
[WhiteElo "1755"]
[BlackElo "1865"]
[PlyCount "64"]
[EventDate "2012.03.??"]
[EventType "swiss"]
[EventRounds "9"]
[EventCountry "GER"]
[SourceDate "2013.02.18"]
[WhiteTeam "Lechhausen SC"]
[BlackTeam "AUT/Reutte SK"]
[BlackTeamCountry "AUT"]

1. d4 e6 2. c4 b6 3. Nf3 Bb7 4. g3 Bb4+ 5. Bd2 Qe7 6. Bg2 f5 7. O-O Nf6 8. Nc3
Bxc3 9. Bxc3 d6 10. Rc1 Nbd7 11. Qb3 O-O 12. Bd2 e5 13. dxe5 dxe5 14. Nh4 Bxg2
15. Nxg2 Nc5 16. Qc2 Rad8 17. Bb4 a5 18. Ba3 Nfe4 19. Rcd1 g6 20. Ne3 c6 21.
Ng2 Rf6 22. Rxd8+ Qxd8 23. Rd1 Rd6 24. Rxd6 Qxd6 25. f3 Ng5 26. Kf1 Kf7 27. Ne1
Qd4 28. Bxc5 Qxc5 29. Qd3 Qe7 30. b3 e4 31. Qd4 exf3 32. exf3 Qxe1+ 0-1

[Event "Bad Wörishofen op 2012 28th"]
[Site "Bad Wörishofen (2.3.-10.3)"]
[Date "2012.03.07"]
[Round "6.61"]
[White "Auschkalnis, Reinhard"]
[Black "Buchaeckert, Juergen"]
[Result "1-0"]
[WhiteElo "1696"]
[BlackElo "1816"]
[PlyCount "57"]
[EventDate "2012.03.??"]
[EventType "swiss"]
[EventRounds "9"]
[EventCountry "GER"]
[SourceDate "2013.02.18"]
[WhiteTeam "Bonn Beuel SC"]
[BlackTeam "Ludwigshafen 1912 SK"]

1. e4 c5 2. Nc3 Nc6 3. f4 g6 4. Nf3 Bg7 5. Bb5 a6 6. Bxc6 dxc6 7. O-O e6 8. d3
Ne7 9. Rb1 b5 10. Qe1 Bd7 11. Be3 c4 12. dxc4 bxc4 13. Qe2 Qa5 14. Qxc4 O-O 15.
Rfd1 Rad8 16. b4 Qh5 17. Bb6 c5 18. Bxd8 Rxd8 19. bxc5 Nc6 20. Na4 Bf8 21. Rd3
Rb8 22. Rxb8 Nxb8 23. Rxd7 Nxd7 24. c6 Nb6 25. Nxb6 Bc5+ 26. Kf1 Bxb6 27. c7
Bxc7 28. Qxc7 Qb5+ 29. Kf2 1-0

[Event "Bad Wörishofen op 2012 28th"]
[Site "Bad Wörishofen (2.3.-10.3)"]
[Date "2012.03.07"]
[Round "6.62"]
[White "Natterer, Winfried"]
[Black "Ranker, Klemens"]
[Result "1-0"]
[WhiteElo "1658"]
[BlackElo "1787"]
[PlyCount "61"]
[EventDate "2012.03.??"]
[EventType "swiss"]
[EventRounds "9"]
[EventCountry "GER"]
[SourceDate "2013.02.18"]
[WhiteTeam "Dietmannsried SC"]
[BlackTeam "Hauptstuhl SC"]

1. e4 c5 2. Nf3 Nc6 3. d4 cxd4 4. Nxd4 d6 5. Be2 g6 6. Be3 Bg7 7. O-O Nf6 8.
Nc3 O-O 9. f4 Bd7 10. Kh1 Nxd4 11. Bxd4 Bc6 12. Qd3 Qc7 13. Rac1 e5 14. Be3
Rfd8 15. Bf3 Rd7 16. Nd5 Bxd5 17. exd5 Re8 18. Qb3 e4 19. Be2 a6 20. c4 Qd8 21.
Bb6 Qe7 22. Qe3 Rc8 23. b3 h6 24. h3 Kh7 25. Rce1 h5 26. Bd3 Re8 27. Bc2 Ng4
28. hxg4 hxg4 29. g3 f5 30. Kg2 Qf6 31. Rh1+ 1-0